[Event "Dzhubga Rapid op"]
[Site "Dzhubga"]
[Date "2023.08.10"]
[Round "1"]
[White "Mokerova, Nadezhda"]
[Black "Ivlev, Aleksey"]
[Result "0-1"]
[WhiteElo "1433"]
[BlackElo "2315"]
[PlyCount "61"]
[EventDate "2023.08.10"]
[EventType "swiss (rapid)"]
[EventRounds "11"]
[EventCountry "RUS"]
[SourceTitle "CBM 215 Extra"]
[Source "ChessBase"]
[SourceDate "2023.09.30"]
[SourceVersion "1"]
[SourceVersionDate "2023.09.30"]
[SourceQuality "1"]

1. d4 c5 2. d5 Nf6 3. c4 e5 4. Nc3 d6 5. e4 Be7 6. h3 0-0 7. Be3 Na6 8. a3 Nc7 9. Be2 a6 10. Nf3 b5 11. b4 cxb4 12. axb4 bxc4 13. Bxc4 Rb8 14. Rb1 Nb5 15. Nxb5 axb5 16. Bd3 Ne8 17. 0-0 g6 18. Ra1 f5 19. Ba7 Rb7 20. Nd2 Qd7 21. Ra5 Rxa7 22. Bxb5 Qc7 23. Qa4 Rxa5 24. bxa5 Nf6 25. f3 Nh5 26. Nb3 fxe4 27. Rc1 Qa7+ 28. Kh2 exf3 29. Rc2 f2 30. g4 Qe3 31. Qa3 0-1